000 00860nas a22002657a 4500
001 10153109
005 20131106130133.0
006 m d
007 cr n
008 130201uuuuuuuuu||||| |ss|||||| ||||||d
022 _a2277-9752
035 _a(WaSeSS)ssib011909804
040 _aWaSeSS
_cWaSeSS
_dWaSeSS
130 0 _aIIM Kozhikode Society & Management Review (Online)
210 1 0 _aIIM Kozhikode Society & Management Review
245 1 0 _aIIM Kozhikode Society & Management Review
260 _aNew Delhi:
_bSage Publications,
260 _aKozhikode
_bIndian Institute of Management
300 _av.
_c28 cm (Pbk)
310 _aHalf yearly
650 _aSociety
655 0 _aElectronic journals.
856 4 0 _uhttp//ksm.sagepub.com
_zFull text available from SAGE Premier 2012: 01/01/2012 to present
942 _2ddc
_cSR
_s1
999 _c80522
_d80522